<?xml version="1.0" encoding="UTF-8"?>
<record
    xmlns:xsi="http://www.w3.org/2001/XMLSchema-instance"
    xsi:schemaLocation="http://www.loc.gov/MARC21/slim http://www.loc.gov/standards/marcxml/schema/MARC21slim.xsd"
    xmlns="http://www.loc.gov/MARC21/slim">

  <leader>00928nam a22002537i 4500</leader>
  <controlfield tag="005">20200813110114.0</controlfield>
  <controlfield tag="008">200813s2018    ii a|||b |||| 00| 1 tam d</controlfield>
  <datafield tag="020" ind1=" " ind2=" ">
    <subfield code="c">RM21.28</subfield>
    <subfield code="q">paperback</subfield>
  </datafield>
  <datafield tag="040" ind1=" " ind2=" ">
    <subfield code="a">PPAK</subfield>
    <subfield code="b">eng</subfield>
    <subfield code="c">PPAK</subfield>
    <subfield code="e">rda</subfield>
  </datafield>
  <datafield tag="082" ind1="0" ind2="4">
    <subfield code="2">23</subfield>
    <subfield code="a">894.8113</subfield>
  </datafield>
  <datafield tag="090" ind1="0" ind2="0">
    <subfield code="a">894.8113</subfield>
    <subfield code="b">SOD</subfield>
    <subfield code="d">K</subfield>
  </datafield>
  <datafield tag="100" ind1="1" ind2=" ">
    <subfield code="a">Sodhi, A.,</subfield>
    <subfield code="e">author.</subfield>
  </datafield>
  <datafield tag="245" ind1="1" ind2="0">
    <subfield code="6">880-01</subfield>
    <subfield code="a">Ku&#x1E3B;antaika&#x1E37;ukk&#x113; nalla kataika&#x1E37; =</subfield>
    <subfield code="b">Good stories for children -</subfield>
    <subfield code="n">II, III, IV, V /</subfield>
    <subfield code="c">A. Sodhi</subfield>
  </datafield>
  <datafield tag="246" ind1="3" ind2="3">
    <subfield code="a">Kulandhaigalukke nalla kadhaigal </subfield>
  </datafield>
  <datafield tag="264" ind1=" " ind2="1">
    <subfield code="a">Puducherry, India: </subfield>
    <subfield code="b">Nanmoli Pathippagam, </subfield>
    <subfield code="c">2018</subfield>
  </datafield>
  <datafield tag="300" ind1=" " ind2=" ">
    <subfield code="a">40 pages :</subfield>
    <subfield code="b">colour illustrations ; </subfield>
    <subfield code="c">22 cm</subfield>
  </datafield>
  <datafield tag="336" ind1=" " ind2=" ">
    <subfield code="2">rdacontent</subfield>
    <subfield code="a">text</subfield>
  </datafield>
  <datafield tag="337" ind1=" " ind2=" ">
    <subfield code="2">rdamedia</subfield>
    <subfield code="a">unmediated</subfield>
  </datafield>
  <datafield tag="338" ind1=" " ind2=" ">
    <subfield code="2">rdacarrier</subfield>
    <subfield code="a">volume</subfield>
  </datafield>
  <datafield tag="650" ind1="1" ind2="0">
    <subfield code="a">Children's stories, Tamil</subfield>
  </datafield>
  <datafield tag="650" ind1="2" ind2="0">
    <subfield code="a">Tamil fiction</subfield>
  </datafield>
  <datafield tag="880" ind1="1" ind2="0">
    <subfield code="6">245-01/$1</subfield>
    <subfield code="a">&#xB95;&#xBC1;&#xBB4;&#xBA8;&#xBCD;&#xBA4;&#xBC8;&#xB95;&#xBB3;&#xBC1;&#xB95;&#xBCD;&#xB95;&#xBC1; &#xBA8;&#xBB2;&#xBCD;&#xBB2; &#xB95;&#xBA4;&#xBC8;&#xB95;&#xBB3;&#xBCD; /</subfield>
    <subfield code="c">&#xB9A;&#xBCB;&#xBA4;&#xBBF;, &#xB8E;.</subfield>
  </datafield>
  <datafield tag="942" ind1=" " ind2=" ">
    <subfield code="2">ddc</subfield>
    <subfield code="c">B</subfield>
  </datafield>
  <datafield tag="999" ind1=" " ind2=" ">
    <subfield code="c">178616</subfield>
    <subfield code="d">178615</subfield>
  </datafield>
  <datafield tag="952" ind1=" " ind2=" ">
    <subfield code="0">0</subfield>
    <subfield code="7">0</subfield>
    <subfield code="b">PPAK</subfield>
    <subfield code="c">K</subfield>
    <subfield code="d">2020-09-06</subfield>
    <subfield code="h">Siri V</subfield>
    <subfield code="o">K 894.8113 SOD</subfield>
    <subfield code="p">A01645893</subfield>
    <subfield code="r">2020-09-06 00:00:00</subfield>
    <subfield code="y">B</subfield>
  </datafield>
  <datafield tag="952" ind1=" " ind2=" ">
    <subfield code="0">0</subfield>
    <subfield code="7">0</subfield>
    <subfield code="b">KM</subfield>
    <subfield code="c">K</subfield>
    <subfield code="d">2020-09-06</subfield>
    <subfield code="h">Siri V</subfield>
    <subfield code="o">K 894.8113 SOD</subfield>
    <subfield code="p">A01645894</subfield>
    <subfield code="r">2020-09-06 00:00:00</subfield>
    <subfield code="y">B</subfield>
  </datafield>
  <datafield tag="952" ind1=" " ind2=" ">
    <subfield code="0">0</subfield>
    <subfield code="7">0</subfield>
    <subfield code="b">PPAK</subfield>
    <subfield code="c">K</subfield>
    <subfield code="d">2020-09-06</subfield>
    <subfield code="h">Siri IV</subfield>
    <subfield code="o">K 894.8113 SOD</subfield>
    <subfield code="p">A01645895</subfield>
    <subfield code="r">2020-09-06 00:00:00</subfield>
    <subfield code="y">B</subfield>
  </datafield>
  <datafield tag="952" ind1=" " ind2=" ">
    <subfield code="0">0</subfield>
    <subfield code="7">0</subfield>
    <subfield code="b">KM</subfield>
    <subfield code="c">K</subfield>
    <subfield code="d">2020-09-06</subfield>
    <subfield code="h">Siri IV</subfield>
    <subfield code="o">K 894.8113 SOD</subfield>
    <subfield code="p">A01645896</subfield>
    <subfield code="r">2020-09-06 00:00:00</subfield>
    <subfield code="y">B</subfield>
  </datafield>
  <datafield tag="952" ind1=" " ind2=" ">
    <subfield code="0">0</subfield>
    <subfield code="7">0</subfield>
    <subfield code="b">KM</subfield>
    <subfield code="c">K</subfield>
    <subfield code="d">2020-09-06</subfield>
    <subfield code="h">Siri III </subfield>
    <subfield code="l">7</subfield>
    <subfield code="m">2</subfield>
    <subfield code="o">K 894.8113 SOD</subfield>
    <subfield code="p">A01645898</subfield>
    <subfield code="q">2026-07-11</subfield>
    <subfield code="r">2026-06-20 12:17:58</subfield>
    <subfield code="s">2026-06-20</subfield>
    <subfield code="y">B</subfield>
  </datafield>
  <datafield tag="952" ind1=" " ind2=" ">
    <subfield code="0">0</subfield>
    <subfield code="7">0</subfield>
    <subfield code="b">PPAK</subfield>
    <subfield code="c">K</subfield>
    <subfield code="d">2020-09-06</subfield>
    <subfield code="h">Siri III </subfield>
    <subfield code="o">K 894.8113 SOD</subfield>
    <subfield code="p">A01645897</subfield>
    <subfield code="r">2020-09-06 00:00:00</subfield>
    <subfield code="y">B</subfield>
  </datafield>
  <datafield tag="952" ind1=" " ind2=" ">
    <subfield code="0">0</subfield>
    <subfield code="7">0</subfield>
    <subfield code="b">PPAK</subfield>
    <subfield code="c">K</subfield>
    <subfield code="d">2020-09-06</subfield>
    <subfield code="h">Siri II</subfield>
    <subfield code="o">K 894.8113 SOD</subfield>
    <subfield code="p">A01645900</subfield>
    <subfield code="r">2020-09-06 00:00:00</subfield>
    <subfield code="y">B</subfield>
  </datafield>
  <datafield tag="952" ind1=" " ind2=" ">
    <subfield code="0">0</subfield>
    <subfield code="7">0</subfield>
    <subfield code="b">KM</subfield>
    <subfield code="c">K</subfield>
    <subfield code="d">2020-09-06</subfield>
    <subfield code="h">Siri II</subfield>
    <subfield code="l">4</subfield>
    <subfield code="m">1</subfield>
    <subfield code="o">K 894.8113 SOD</subfield>
    <subfield code="p">A01645899</subfield>
    <subfield code="r">2024-08-26 13:06:29</subfield>
    <subfield code="s">2024-07-15</subfield>
    <subfield code="y">B</subfield>
  </datafield>
</record>
